[Event "Druzynowe  Mistrzostwa Polski w Szachach - I liga"]
[Site "Poronin-Limba"]
[Date "1899-12-30"]
[Round "2.27"]
[White "Karbowiak, Adam"]
[Black "Wcislo, Damian"]
[Result "0-1"]
[WhiteTitle "k+"]
[BlackTitle "k+"]
[WhiteElo "2101"]
[BlackElo "2403"]

1. Nf3 d5 2. g3 Bg4 3. Bg2 Nd7 4. h3 Bh5 5. d4 e6 6. O-O Bd6 7. c4 c6 8. Qb3 Rb8
9. Nc3 Bxf3 10. Bxf3 f5 11. Bg2 Qf6 12. cxd5 exd5 13. Qa4 a6 14. Bf4 Bxf4 15.
gxf4 Ne7 16. e3 Qd6 17. Rab1 O-O 18. Rfc1 Rf6 19. Qd1 Rh6 20. Na4 Ng6 21. Nc5
Nxc5 22. dxc5 Qf6 23. Kh2 Nh4 24. Bh1 Rd8 25. Rc2 Ng6 26. Rd2 Nf8 27. b4 Ne6 28.
Bg2 g5 29. fxg5 Nxg5 30. f4 Ne6 31. Qb3 Rg6 32. Rg1 Qh4 33. Bf1 Nxf4 34. Qb2 Rxg1
35. Kxg1 Qg3+ 36. Kh1 Qxe3 37. Qf6 Rf8 0-1

[Event "Druzynowe  Mistrzostwa Polski w Szachach - I liga"]
[Site "Poronin-Limba"]
[Date "1899-12-30"]
[Round "2.28"]
[White "Kowalczyk, Pawel"]
[Black "Sciborowski, Miroslaw"]
[Result "1-0"]
[WhiteTitle "k+"]
[BlackTitle "k"]
[WhiteElo "2330"]
[BlackElo "2006"]

1. e4 d5 2. exd5 Qxd5 3. Nc3 Qa5 4. d4 Nf6 5. Nf3 Bf5 6. Bc4 e6 7. O-O Be7 8. Bd2
c6 9. Nd5 Qd8 10. Nxe7 Qxe7 11. a3 Qc7 12. Re1 O-O 13. Nh4 Bg4 14. Qc1 Rd8 15.
Bf4 Qb6 16. c3 Bh5 17. h3 Nbd7 18. b4 Nf8 19. Bg5 Bg6 20. Qf4 Nd5 21. Bxd8 Rxd8
22. Qd2 Qc7 23. Nxg6 Nxg6 24. Bf1 Qe7 25. Rad1 Qf6 26. g3 h5 27. h4 e5 28. dxe5
Nxe5 29. Rxe5 Qxe5 30. c4 1-0

[Event "Druzynowe  Mistrzostwa Polski w Szachach - I liga"]
[Site "Poronin-Limba"]
[Date "1899-12-30"]
[Round "2.29"]
[White "Pacuszka, Wioletta"]
[Black "Majdan, Joanna"]
[Result "0-1"]
[WhiteTitle "I++"]
[BlackTitle "WGM"]
[WhiteElo "1919"]
[BlackElo "2361"]

1. e4 c5 2. Nf3 d6 3. d4 cxd4 4. Nxd4 Nf6 5. Nc3 g6 6. Be2 Bg7 7. Be3 O-O 8. O-O
Nc6 9. f3 d5 10. Nxc6 bxc6 11. exd5 cxd5 12. Bd4 Bb7 13. Re1 Bh6 14. Bb5 Bf4 15.
Qe2 Bd6 16. Kh1 Nh5 17. a3 e6 18. Qd2 Qh4 19. Be5 Ng3+ 20. Kg1 Bc5+ 21. Re3 Nf5
22. Rae1 Nxe3 23. Rxe3 d4 0-1

[Event "Druzynowe  Mistrzostwa Polski w Szachach - I liga"]
[Site "Poronin-Limba"]
[Date "1899-12-30"]
[Round "3.1"]
[White "Karpus, Michal"]
[Black "Rudolf, Michal"]
[Result "1/2-1/2"]
[WhiteTitle "FM"]
[BlackTitle "FM"]
[WhiteElo "2267"]
[BlackElo "2360"]

1. e4 Nf6 2. e5 Nd5 3. d4 d6 4. c4 Nb6 5. exd6 cxd6 6. Nc3 g6 7. Nf3 Bg7 8. Be2
Bg4 9. Be3 O-O 10. O-O Nc6 11. b3 d5 12. a4 dxc4 13. a5 Nd5 14. Nxd5 Qxd5 15.
bxc4 Qd8 16. h3 Bxf3 17. Bxf3 Nxa5 18. Qa4 Nc6 19. Rfd1 Qc7 20. Rab1 Rac8 21.
Be4 Na5 22. Rb5 Nxc4 23. Rc5 Nb6 24. Qxa7 Qd8 25. Rdc1 Ra8 26. Qxb7 f5 27. Bd5+
Nxd5 28. Rxd5 Rb8 29. Qc6 Qc8 30. Qa4 Qe6 31. Rdc5 Rbd8 32. Rc6 Qd7 33. Bg5 1/2-1/2

[Event "Druzynowe  Mistrzostwa Polski w Szachach - I liga"]
[Site "Poronin-Limba"]
[Date "1899-12-30"]
[Round "3.2"]
[White "Warszawski, Bartosz"]
[Black "Krainski, Slawomir"]
[Result "0-1"]
[WhiteTitle "m"]
[BlackTitle "k"]
[WhiteElo "2202"]
[BlackElo "2138"]

1. e4 d6 2. d4 Nf6 3. Nc3 g6 4. f4 Bg7 5. Nf3 O-O 6. e5 dxe5 7. dxe5 Qxd1+ 8. Kxd1
Nh5 9. Ke1 Nc6 10. Be3 Bg4 11. Ng5 Bh6 12. Nce4 f6 13. Bc4+ Kg7 14. Be2 Bxe2 15.
Kxe2 Nxf4+ 16. Bxf4 fxg5 17. Bxg5 Rf5 18. Bxh6+ Kxh6 19. Rad1 Rxe5 20. Ke3 Rd8
21. Rxd8 Nxd8 22. Rd1 Ne6 23. Kf3 g5 24. g4 Kg6 25. c3 c6 26. b4 Rd5 27. Rxd5
cxd5 28. Ng3 Nf4 29. Nf5 Kf6 30. a4 h5 31. h4 e5 32. Nd6 hxg4+ 33. Kxg4 gxh4 34.
Kxh4 Ne2 35. Nxb7 Nxc3 36. Nc5 e4 37. Kg3 Ke5 38. a5 Kd4 39. Nd7 Kc4 40. Ne5+
Kxb4 41. Nc6+ Kb5 42. Nxa7+ Kxa5 43. Kf4 Kb6 44. Nc8+ Kc5 45. Ne7 Kc4 46. Nc6
d4 47. Ne5+ Kd5 48. Ng4 Ne2+ 49. Kf5 Ng3+ 50. Kf4 Nh5+ 51. Kf5 e3 52. Ke5+ Kxe5
0-1

[Event "Druzynowe  Mistrzostwa Polski w Szachach - I liga"]
[Site "Poronin-Limba"]
[Date "1899-12-30"]
[Round "3.4"]
[White "Rams, Michal"]
[Black "Karbowiak, Adam"]
[Result "1/2-1/2"]
[WhiteTitle "k+"]
[BlackTitle "k+"]
[WhiteElo "2183"]
[BlackElo "2101"]

1. e4 e6 2. d4 d5 3. Nd2 dxe4 4. Nxe4 Bd7 5. Nf3 Bc6 6. Bd3 Nd7 7. O-O Ngf6 8.
Ng3 Be7 9. Re1 O-O 10. c3 Bd5 11. Ne5 c5 12. c4 Bc6 13. Nxc6 bxc6 14. Be3 cxd4
15. Bxd4 Bc5 16. Bc3 Qb6 17. Qc2 Bb4 18. Bxb4 Qxb4 19. a3 Qb8 20. Ne4 c5 21. b4
cxb4 22. Reb1 Ng4 23. Ng3 b3 24. Rxb3 Qe5 25. Bxh7+ Kh8 26. Rd1 Nc5 27. Be4 Rad8
28. Rbb1 Rxd1+ 29. Rxd1 Rb8 30. Bf3 Nf6 31. Rb1 Rd8 32. Be2 Qf4 33. Rd1 Rb8 34.
Rb1 1/2-1/2

[Event "Druzynowe  Mistrzostwa Polski w Szachach - I liga"]
[Site "Poronin-Limba"]
[Date "1899-12-30"]
[Round "3.5"]
[White "Sciborowski, Miroslaw"]
[Black "Kaim, Piotr"]
[Result "0-1"]
[WhiteTitle "k"]
[BlackTitle "m"]
[WhiteElo "2006"]
[BlackElo "2138"]

1. d4 d5 2. Nf3 Nf6 3. g3 Bf5 4. Bg2 c6 5. c4 Nbd7 6. cxd5 cxd5 7. O-O e6 8. Nc3
Bd6 9. Qb3 Qb6 10. Qxb6 Nxb6 11. Nb5 Bb8 12. Bf4 Bxf4 13. gxf4 Ke7 14. Nh4 Be4
15. f3 Bc2 16. Rac1 Rhc8 17. Nc3 Bg6 18. e4 Rc6 19. f5 exf5 20. exd5 Nfxd5 21.
f4 Rd8 22. Rfe1+ Re6 23. Nxd5+ Nxd5 24. Re5 Nxf4 25. Rc7+ Rd7 26. Rxd7+ Kxd7 27.
Bxb7 Rxe5 28. dxe5 Nd3 29. Kg2 Nxb2 30. Ba6 Ke6 31. Nf3 f4 32. Nd4+ Kd5 33. Nf3
Nd3 34. Bb7+ Kc5 35. Kf1 Bh5 36. Ng5 h6 37. Ne4+ Kd4 38. Nd6 Kxe5 39. Nc8 a5 40.
Ne7 a4 41. Ba6 Nb4 42. Bc4 Bg4 43. Bxf7 Kf6 44. Nd5+ Nxd5 45. Bxd5 Be6 46. Bc6
a3 0-1

[Event "Druzynowe  Mistrzostwa Polski w Szachach - I liga"]
[Site "Poronin-Limba"]
[Date "1899-12-30"]
[Round "3.6"]
[White "Bednarska-bzdega, Malgorzata"]
[Black "Pacuszka, Wioletta"]
[Result "1-0"]
[WhiteTitle "WFM"]
[BlackTitle "I++"]
[WhiteElo "2008"]
[BlackElo "1919"]

1. e4 c5 2. Nf3 e6 3. d4 cxd4 4. Nxd4 Bc5 5. Nb3 Bb6 6. Nc3 Ne7 7. Bf4 d5 8. exd5
exd5 9. Bb5+ Nbc6 10. O-O O-O 11. Na4 Bf5 12. Nxb6 axb6 13. c3 h6 14. Re1 g5 15.
Bg3 Bg6 16. f3 Nf5 17. Bf2 Na5 18. Nd4 Nc4 19. Nxf5 Bxf5 20. b3 Na3 21. Bd3 Qf6
22. Bxf5 Qxf5 23. Rc1 Nb5 24. a4 Nc7 25. Bxb6 Ne6 26. Qd2 Nf4 27. Rcd1 Rfe8 28.
Be3 Rad8 29. Bxf4 Rxe1+ 30. Rxe1 gxf4 31. h3 Kh7 32. b4 Rg8 33. Re2 Rg6 34. a5
Rc6 35. Kf2 Qg5 36. Kf1 Qf6 37. Qd3+ Qg6 38. Qxg6+ Kxg6 39. Rc2 Rc4 40. Ke2 Kf5
41. Kd3 Ke6 42. Ra2 Kd6 43. b5 Rc8 44. a6 bxa6 45. bxa6 Kc5 46. a7 Ra8 47. Ra3
Kc6 48. Kd4 Kb7 49. Kxd5 Rd8+ 50. Ke4 Ka8 51. Kxf4 Rd5 52. g4 Rc5 53. h4 Rc4+
54. Kf5 Rc6 55. h5 Rc4 56. Ke5 Rc6 57. Kd5 Rc8 58. c4 Rc7 59. c5 Rc8 60. Kd6 Rd8+
61. Ke7 Rc8 62. Kxf7 Rxc5 63. Kg7 Rc6 64. f4 Rc4 65. Kxh6 Rxf4 66. g5 1-0

[Event "Druzynowe  Mistrzostwa Polski w Szachach - I liga"]
[Site "Poronin-Limba"]
[Date "1899-12-30"]
[Round "3.7"]
[White "Gritsak, Orest"]
[Black "Hnydiuk, Aleksander"]
[Result "1/2-1/2"]
[WhiteTitle "GM"]
[BlackTitle "IM"]
[WhiteElo "2474"]
[BlackElo "2409"]

1. c4 Nf6 2. Nc3 e5 3. e3 Bb4 4. Nge2 c6 5. a3 Ba5 6. c5 O-O 7. Qc2 Bc7 8. Ng3
b6 9. b4 a5 10. Rb1 axb4 11. axb4 d5 12. cxd6 Bxd6 13. b5 Bb7 14. f3 cxb5 15.
Bxb5 Qc7 16. O-O e4 17. f4 Na6 18. Bb2 Rfd8 19. Rfc1 Nb4 20. Qb3 Bc5 21. Nce2
Nd3 22. Bxd3 exd3 23. Nd4 Rxd4 24. Rxc5 Qxc5 25. Bxd4 Qc6 26. e4 Nxe4 27. Nf5
Re8 28. Qxb6 Qxb6 29. Rxb6 Ba8 30. Nd6 Nxd6 31. Rxd6 1/2-1/2

[Event "Druzynowe  Mistrzostwa Polski w Szachach - I liga"]
[Site "Poronin-Limba"]
[Date "1899-12-30"]
[Round "3.8"]
[White "Plat, Vojtech"]
[Black "Stoma, Pawel"]
[Result "1-0"]
[WhiteTitle "GM"]
[BlackTitle "m"]
[WhiteElo "2539"]
[BlackElo "2348"]

1. d4 Nf6 2. c4 c6 3. Nc3 d5 4. cxd5 cxd5 5. Bf4 Nc6 6. e3 Bg4 7. f3 Bd7 8. Bd3
e6 9. g4 a6 10. h4 Rc8 11. Rc1 Na5 12. Nge2 Qb6 13. Rc2 Bd6 14. Kf2 O-O 15. h5
Ne8 16. Qb1 Nc4 17. Bxh7+ Kxh7 18. Na4 Qa5 19. Rxc4+ Kh8 20. Rxc8 Bxc8 21. Nac3
b5 22. Bxd6 Nxd6 23. Nf4 Kg8 24. h6 g5 25. Ng6 Ne4+ 26. Nxe4 fxg6 27. Nxg5 Qd2+
28. Kg3 1-0

[Event "Druzynowe  Mistrzostwa Polski w Szachach - I liga"]
[Site "Poronin-Limba"]
[Date "1899-12-30"]
[Round "3.9"]
[White "Miroslaw, Michal"]
[Black "Nguyen, Piotr"]
[Result "1-0"]
[WhiteTitle "FM"]
[BlackTitle "IM"]
[WhiteElo "2270"]
[BlackElo "2409"]

1. e4 c5 2. Nf3 Nc6 3. d4 cxd4 4. Nxd4 g6 5. c4 Nf6 6. Nc3 d6 7. Be2 Bg7 8. Be3
O-O 9. O-O Bd7 10. f3 Nxd4 11. Bxd4 a5 12. b3 Bc6 13. Qd2 Nd7 14. Be3 Nc5 15.
Rab1 e6 16. Rfd1 Be5 17. Bd4 Qe7 18. a3 a4 19. Bxe5 dxe5 20. b4 Nb3 21. Qe3 Nd4
22. Rd3 Rfd8 23. Bd1 Rd6 24. b5 Be8 25. Nxa4 Rad8 26. Nb2 b6 27. Rc3 f5 28. a4
f4 29. Qf2 Qc7 30. Rbc1 Nf5 31. exf5 Rd2 32. Be2 Rxb2 33. R3c2 Rxc2 34. Rxc2 exf5
35. c5 e4 36. Bc4+ Kg7 37. cxb6 Rd1+ 38. Bf1 Qd6 39. Rc1 Rxc1 40. Qb2+ Kf8 41.
Qxc1 Qxb6+ 42. Kh1 Qa5 43. fxe4 Qxa4 44. exf5 Qb4 45. Qc7 gxf5 46. Qxh7 Qb1 47.
Qh8+ Kf7 48. Qh5+ Kf6 49. Qe2 Bf7 50. Kg1 Qb4 51. Qf2 Bd5 52. Bd3 Qc3 53. Qh4+
Ke6 54. Qh6+ Ke7 55. Qg5+ Ke8 56. Qh5+ Kd8 57. Qh4+ Ke8 58. Bf1 f3 59. Qh5+ Ke7
60. Qg5+ Ke6 61. Qg8+ Kd6 62. Qg3+ Ke6 63. gxf3 Qxf3 64. Qxf3 Bxf3 65. Bg2 Be2
66. b6 Ba6 67. Kf2 Ke5 68. h4 Kf4 69. Bf3 Bc8 70. h5 Kg5 71. Ke3 Ba6 72. Kd4 Kf6
73. Kc5 Kg5 74. Kd6 Kf6 75. Kc7 f4 76. Be2 Bxe2 77. b7 Bxh5 78. b8=Q Kg5 79. Qg8+
Kf5 80. Qg2 f3 81. Qf2 Ke4 82. Kc6 Bf7 83. Kc5 Kf4 84. Kd4 Bh5 85. Qh2+ Kg5 86.
Ke5 1-0

[Event "Druzynowe  Mistrzostwa Polski w Szachach - I liga"]
[Site "Poronin-Limba"]
[Date "1899-12-30"]
[Round "3.10"]
[White "Wcislo, Damian"]
[Black "Panas, Pawel"]
[Result "1-0"]
[WhiteTitle "k+"]
[BlackTitle "k"]
[WhiteElo "2403"]
[BlackElo "2168"]

1. d4 e6 2. c4 f5 3. Nc3 Nf6 4. Qc2 Bb4 5. e3 O-O 6. Bd3 b6 7. Nge2 Bb7 8. f3 c5
9. a3 Bxc3+ 10. Qxc3 Qc7 11. O-O Nc6 12. b4 Ne7 13. a4 Rac8 14. bxc5 bxc5 15.
Ba3 d6 16. dxc5 dxc5 17. Nf4 Kf7 18. Bc2 Ng6 19. Nd3 Nd7 20. Rab1 Ba6 21. a5 Qc6
22. Nb2 Qc7 23. Ba4 Nde5 24. Bb5 Bb7 25. a6 Ba8 26. f4 Ng4 27. Na4 Qe7 28. h3
Nf6 29. Rfd1 Rc7 30. Qe1 Ne4 31. Rbc1 Kg8 32. Rc2 Rd8 33. Bb2 Rcc8 34. Rcc1 Rxd1
35. Rxd1 Rd8 36. Nc3 Rxd1 37. Qxd1 Nf8 38. Nxe4 Bxe4 39. Be5 Qh4 40. Qd2 h6 41.
Bc7 Qf6 42. Kh2 Kh7 43. Be5 Qf7 44. Qd8 Qg6 45. g4 fxg4 46. Be8 1-0

[Event "Druzynowe  Mistrzostwa Polski w Szachach - I liga"]
[Site "Poronin-Limba"]
[Date "1899-12-30"]
[Round "3.11"]
[White "Praszak, Michal"]
[Black "Kowalczyk, Pawel"]
[Result "0-1"]
[WhiteTitle "m"]
[BlackTitle "k+"]
[WhiteElo "2150"]
[BlackElo "2330"]

1. d4 Nf6 2. c4 g6 3. Nc3 d5 4. cxd5 Nxd5 5. e4 Nxc3 6. bxc3 Bg7 7. Be3 O-O 8.
Nf3 c5 9. Rc1 Bg4 10. Be2 Qa5 11. Qd2 Rd8 12. d5 Nd7 13. O-O Rac8 14. c4 Qxd2
15. Bxd2 Ne5 16. Nxe5 Bxe2 17. Rfe1 Bxe5 18. Rxe2 Rd6 19. Bc3 Bxc3 20. Rxc3 Rb6
21. f4 a6 22. Rb3 Rb4 23. Kf2 a5 24. Ke3 Rxc4 25. Rxb7 Kf8 26. Reb2 f5 27. e5
Re4+ 28. Kf3 g5 29. g3 g4+ 30. Kf2 Rb4 31. Ke2 Rd8 32. R7xb4 cxb4 33. Ke3 Rxd5
34. Rc2 Kf7 35. Rc6 Rd1 36. Ra6 Ra1 37. Rh6 Rxa2 38. Rxh7+ Ke6 39. Kd4 Rd2+ 40.
Kc4 Rc2+ 41. Kb3 Rc3+ 42. Kb2 a4 43. Rh6+ Kd5 44. Ra6 a3+ 45. Kb1 Rf3 46. Ra7
Kc4 47. Rxe7 Kb3 0-1

[Event "Druzynowe  Mistrzostwa Polski w Szachach - I liga"]
[Site "Poronin-Limba"]
[Date "1899-12-30"]
[Round "3.12"]
[White "Majdan, Joanna"]
[Black "Toma, Katarzyna"]
[Result "1/2-1/2"]
[WhiteTitle "WGM"]
[BlackTitle "WGM"]
[WhiteElo "2361"]
[BlackElo "2262"]

1. e4 d6 2. d4 Nf6 3. Nc3 e5 4. Nf3 Nbd7 5. Bc4 h6 6. O-O Be7 7. Re1 c6 8. a4 a5
9. Nh4 exd4 10. Qxd4 Qb6 11. Qxb6 Nxb6 12. Ba2 Ng4 13. Nf5 Bxf5 14. exf5 d5 15.
h3 Nf6 16. Be3 Nfd7 17. Bd4 Rg8 18. Bb3 Kd8 19. Bxb6+ Nxb6 20. Ne2 Bf6 21. c3
Re8 22. Nf4 Kd7 23. Nh5 Nc4 24. Bxc4 dxc4 25. Nxf6+ gxf6 26. Kf1 Re5 27. Rxe5
fxe5 28. Re1 Kd6 29. Rd1+ Ke7 30. Re1 Kd6 31. Rd1+ Ke7 32. Re1 Kd6 33. Rd1+ 1/2-1/2

[Event "Druzynowe  Mistrzostwa Polski w Szachach - I liga"]
[Site "Poronin-Limba"]
[Date "1899-12-30"]
[Round "3.13"]
[White "Antoniewski, Rafal"]
[Black "Cukrowski, Filip"]
[Result "1/2-1/2"]
[WhiteTitle "GM"]
[BlackTitle "FM"]
[WhiteElo "2538"]
[BlackElo "2414"]

1. Nf3 Nf6 2. g3 g6 3. b3 Bg7 4. Bb2 b6 5. Bg2 Bb7 6. O-O O-O 7. c4 c5 8. e3 d6
9. d4 Nbd7 10. Nc3 a6 11. Qe2 e6 12. Rad1 Qc7 13. d5 e5 14. a4 Rae8 15. e4 h6
16. Bc1 Kh7 17. Nh4 Ng8 18. Qc2 Qd8 19. Bh3 Ndf6 20. Ng2 Bc8 21. Bxc8 Qxc8 22.
f3 h5 23. a5 bxa5 24. Bd2 Bh6 25. Ra1 Qc7 26. f4 exf4 27. gxf4 Bg7 28. h3 Qe7
29. Rae1 Nd7 30. Kh2 Nh6 31. Nd1 1/2-1/2

[Event "Druzynowe  Mistrzostwa Polski w Szachach - I liga"]
[Site "Poronin-Limba"]
[Date "1899-12-30"]
[Round "3.16"]
[White "Sabuk, Piotr"]
[Black "Krysztofiak, Marcin"]
[Result "1/2-1/2"]
[WhiteTitle "IM"]
[BlackTitle "IM"]
[WhiteElo "2376"]
[BlackElo "2383"]

1. d4 Nf6 2. c4 e6 3. g3 d5 4. Nf3 Bb4+ 5. Bd2 Be7 6. Bg2 O-O 7. O-O c6 8. Qc2
b6 9. Bf4 Bb7 10. Ne5 dxc4 11. Nxc4 Qxd4 12. Nbd2 Qd8 13. Ne4 Nd5 14. Rfd1 Nd7
15. Ncd6 Nxf4 16. gxf4 Rb8 17. Nxb7 Rxb7 18. Qxc6 Rc7 19. Qa4 Qc8 20. Nd6 Bxd6
21. Rxd6 Nc5 22. Qd1 Nb7 23. Rd4 Rd8 24. Bxb7 Rxd4 25. Bxc8 Rxd1+ 26. Rxd1 Rxc8
27. Rd7 g6 28. Rxa7 Rc2 29. e3 Rxb2 30. a4 Kg7 31. Kg2 b5 32. a5 b4 33. a6 Ra2
34. Rb7 Rxa6 35. Rxb4 Ra2 36. Rb5 Rc2 37. Ra5 1/2-1/2

[Event "Druzynowe  Mistrzostwa Polski w Szachach - I liga"]
[Site "Poronin-Limba"]
[Date "1899-12-30"]
[Round "3.17"]
[White "Borgula, Rafal"]
[Black "Goluch, Piotr"]
[Result "1-0"]
[WhiteTitle "FM"]
[BlackTitle "FM"]
[WhiteElo "2250"]
[BlackElo "2275"]

1. d4 Nf6 2. Nf3 g6 3. g3 Bg7 4. Bg2 O-O 5. O-O d6 6. c4 Nc6 7. Nc3 a6 8. b3 Rb8
9. Nd5 Bg4 10. Bb2 Re8 11. h3 Bf5 12. Nxf6+ Bxf6 13. Qd2 Be4 14. d5 Bxf3 15. exf3
Bxb2 16. Qxb2 Na5 17. f4 c5 18. dxc6 bxc6 19. Qd2 e6 20. Rac1 d5 21. cxd5 exd5
22. f5 gxf5 23. Rfd1 Re6 24. Bf1 Nb7 25. Bxa6 Qb6 26. Bxb7 Rxb7 27. Qg5+ Rg6 28.
Qf4 Re7 29. Kg2 Qa7 30. h4 Re4 31. Qxf5 Rxh4 32. Rxc6 Rxc6 33. Qg5+ Rg6 34. Qxh4
Rd6 35. Qg4+ Kf8 36. Qd4 Qxd4 37. Rxd4 Ra6 38. a4 Rb6 39. b4 Ke7 40. Kf3 Kd6 41.
Ke3 Rc6 42. Kd2 Ke5 43. Rd3 Rc4 44. Rb3 Kd6 45. a5 Rd4+ 46. Ke3 Re4+ 47. Kd3 Kc6
48. b5+ Kb7 49. b6 Ra4 50. Rb5 d4 51. Rf5 f6 52. Rxf6 Rxa5 53. Kxd4 h5 54. Ke3
h4 55. gxh4 Rh5 56. f4 Rxh4 57. Ke4 Rh1 58. Rd6 1-0

[Event "Druzynowe  Mistrzostwa Polski w Szachach - I liga"]
[Site "Poronin-Limba"]
[Date "1899-12-30"]
[Round "3.18"]
[White "Krupa, Monika"]
[Black "Jaracz, Barbara"]
[Result "1/2-1/2"]
[WhiteTitle "WGM"]
[BlackTitle "WGM"]
[WhiteElo "2230"]
[BlackElo "2244"]

1. c4 e5 2. Nc3 Nf6 3. g3 Nc6 4. Bg2 Bb4 5. e4 d6 6. Nge2 Be6 7. Nd5 Bc5 8. h3
Nd4 9. b4 Nxe2 10. Qxe2 Bd4 11. Rb1 O-O 12. d3 Nxd5 13. cxd5 Bd7 14. g4 c6 15.
dxc6 bxc6 16. O-O Be6 17. Be3 Bxe3 18. Qxe3 Qb6 19. Rfc1 Rfc8 20. a3 h6 21. Rc3
c5 22. Rbc1 cxb4 23. Rxc8+ Rxc8 24. Rxc8+ Bxc8 25. Qxb6 axb6 26. axb4 Ba6 27.
Bf1 Kf8 28. Kg2 Ke7 29. Kf3 Ke6 30. Ke3 g5 31. Be2 Bb5 1/2-1/2

[Event "Druzynowe  Mistrzostwa Polski w Szachach - I liga"]
[Site "Poronin-Limba"]
[Date "1899-12-30"]
[Round "3.19"]
[White "Simantsev, Mikhail"]
[Black "Tazbir, Marcin"]
[Result "0-1"]
[WhiteTitle "GM"]
[BlackTitle "GM"]
[WhiteElo "2486"]
[BlackElo "2519"]

1. d4 Nf6 2. c4 e6 3. Nf3 d5 4. Nc3 Bb4 5. Qa4+ Nc6 6. e3 O-O 7. Bd2 Re8 8. Rd1
a6 9. Qc2 h6 10. a3 Bd6 11. h3 dxc4 12. Bxc4 Qe7 13. Ne4 Nxe4 14. Qxe4 e5 15.
O-O exd4 16. Qxe7 Rxe7 17. Nxd4 Nxd4 18. exd4 Be6 19. Bxe6 Rxe6 20. Rfe1 Rae8
21. Rxe6 Rxe6 22. Re1 Rxe1+ 23. Bxe1 c6 24. Kf1 f5 25. a4 b6 26. Ke2 Kf7 27. Kd3
Ke6 28. b3 Kd5 29. f3 Be7 30. g4 f4 31. h4 Bf6 32. Bf2 g5 0-1

[Event "Druzynowe  Mistrzostwa Polski w Szachach - I liga"]
[Site "Poronin-Limba"]
[Date "1899-12-30"]
[Round "3.20"]
[White "Cyborowski, Lukasz"]
[Black "Sopur, Lech"]
[Result "1-0"]
[WhiteTitle "GM"]
[BlackTitle "m"]
[WhiteElo "2522"]
[BlackElo "2394"]

1. c4 c5 2. Nf3 g6 3. d4 cxd4 4. Nxd4 Nc6 5. e4 Nf6 6. Nc3 Nxd4 7. Qxd4 d6 8. Be3
Bg7 9. f3 O-O 10. Qd2 a5 11. b3 a4 12. b4 a3 13. Be2 Be6 14. Rc1 Nd7 15. O-O f5
16. exf5 gxf5 17. Nb5 Ne5 18. f4 Nc6 19. Nd4 Bd7 20. Rf3 Rf6 21. b5 Na5 22. Bf2
b6 23. Rxa3 Rc8 24. Nb3 Nxb3 25. axb3 Rg6 26. Bh5 Rh6 27. Bf3 e5 28. fxe5 dxe5
29. Rd1 e4 30. Qxd7 Qxd7 31. Rxd7 exf3 32. gxf3 Be5 33. h4 1-0

[Event "Druzynowe  Mistrzostwa Polski w Szachach - I liga"]
[Site "Poronin-Limba"]
[Date "1899-12-30"]
[Round "3.21"]
[White "Orzech, Dominik"]
[Black "Nurkiewicz, Maciej"]
[Result "1/2-1/2"]
[WhiteTitle "IM"]
[BlackTitle "m"]
[WhiteElo "2380"]
[BlackElo "2365"]

1. d4 Nf6 2. Nf3 g6 3. c4 Bg7 4. Nc3 d5 5. e3 O-O 6. Qb3 c6 7. Bd2 Qb6 8. Bd3 Bf5
9. Bxf5 gxf5 10. cxd5 Qxb3 11. axb3 cxd5 12. Ke2 Nc6 13. Rhc1 Rfc8 14. Be1 e6
15. Na4 Bf8 16. Nc5 b6 17. Nd3 a5 18. Rc2 Bd6 19. Rac1 Ne7 20. Nfe5 Rxc2+ 21.
Rxc2 Rc8 22. Rxc8+ Nxc8 23. f3 Kf8 24. Bg3 Ke8 25. Bh4 Nd7 26. Nxd7 Kxd7 27. h3
Na7 28. Kd2 Nc6 29. Kc3 Nb4 30. Nxb4 Bxb4+ 1/2-1/2

[Event "Druzynowe  Mistrzostwa Polski w Szachach - I liga"]
[Site "Poronin-Limba"]
[Date "1899-12-30"]
[Round "3.22"]
[White "Bartel, Michal"]
[Black "Pacan-milej, Kosma"]
[Result "1-0"]
[WhiteTitle "FM"]
[BlackTitle "FM"]
[WhiteElo "2337"]
[BlackElo "2316"]

1. e4 c5 2. Nf3 d6 3. Bb5+ Bd7 4. c4 Nf6 5. Nc3 g6 6. d4 cxd4 7. Nxd4 Bg7 8. O-O
O-O 9. Bxd7 Qxd7 10. b3 Nc6 11. Bb2 Rfd8 12. Nxc6 bxc6 13. Qe2 e6 14. Rad1 d5
15. e5 Ne8 16. Rfe1 Qe7 17. Na4 Rac8 18. Bd4 c5 19. Bb2 Bf8 20. Ba3 Ng7 21. Nc3
Qb7 22. cxd5 exd5 23. Qf3 Qa6 24. Bc1 d4 25. Ne4 Qe6 26. Bg5 Be7 27. Bxe7 Qxe7
28. Rd3 Kh8 29. Qf4 Nh5 30. Qg5 Qxg5 31. Nxg5 Kg8 32. g3 Ng7 33. Rc1 Ne6 34. Ne4
Rc6 35. Rc4 Rb8 36. Rd1 Rb4 37. Rdc1 Rxc4 38. Rxc4 Ra6 39. Rc2 h5 40. Kf1 Kf8
41. Ke2 Ke7 42. Kd3 Kd7 43. f4 Kc6 44. Nxc5 Nxc5+ 45. Kxd4 Kd7 46. Rxc5 Rxa2 47.
h4 Rd2+ 48. Ke4 Re2+ 49. Kf3 Rb2 50. Rc3 a5 51. Ke4 Ra2 52. Kd5 Ra3 53. Kc4 a4
54. Rd3+ Kc7 55. Kb4 Rxb3+ 56. Rxb3 axb3 57. Kxb3 Kd7 58. Kc4 Ke6 59. Kc5 Ke7
60. Kd5 Kd7 61. Kd4 Ke7 62. Ke3 Kd7 63. Kf3 Ke7 64. g4 hxg4+ 65. Kxg4 f6 66. Kf3
Kf7 67. Ke3 Ke7 68. Kd4 Kd7 69. Kd5 fxe5 70. fxe5 Ke7 71. e6 Ke8 72. Kd6 Kd8 73.
e7+ Ke8 74. Ke6 g5 75. h5 1-0

[Event "Druzynowe  Mistrzostwa Polski w Szachach - I liga"]
[Site "Poronin-Limba"]
[Date "1899-12-30"]
[Round "3.23"]
[White "Kaczmarek, Aleksander"]
[Black "Sliwerski, Radoslaw"]
[Result "0-1"]
[WhiteTitle "FM"]
[BlackTitle "k++"]
[WhiteElo "2384"]
[BlackElo "1969"]

1. e4 c5 2. Nf3 d6 3. d4 cxd4 4. Nxd4 Nf6 5. Nc3 a6 6. Nb3 b5 7. e5 dxe5 8. Qf3
Ra7 9. Be3 Bg4 10. Qg3 Ra8 11. Bd3 Nbd7 12. O-O g6 13. a4 b4 14. Ne4 Bg7 15. Nxf6+
Nxf6 16. f3 Bc8 17. Qxe5 O-O 18. Qc5 Nd5 19. Bd4 e5 20. Bf2 Be6 21. Rad1 Rc8 22.
Qa7 Ra8 23. Qc5 Rc8 24. Qa7 Ra8 25. Qb7 Qg5 26. h4 Qh6 27. Rfe1 Rfb8 28. Qc6 Rc8
29. Qb7 Rcb8 30. Qc6 Rc8 31. Qd6 Rd8 32. Qc5 Rdc8 33. Qd6 Rd8 34. Qc5 Rdc8 35.
Qa5 Bf6 36. Bxa6 Rxc2 37. Re4 Rxf2 38. Kxf2 Bxh4+ 39. g3 Bd8 40. Qb5 Qh2+ 41.
Ke1 Qxg3+ 42. Kd2 Bg5+ 43. Kc2 Qxf3 44. Nc5 b3+ 45. Qxb3 Ne3+ 46. Rxe3 Bxb3+ 47.
Rxb3 Qf2+ 0-1

[Event "Druzynowe  Mistrzostwa Polski w Szachach - I liga"]
[Site "Poronin-Limba"]
[Date "1899-12-30"]
[Round "3.24"]
[White "Kulon, Klaudia"]
[Black "Miturova, Magdalena"]
[Result "1-0"]
[WhiteTitle "WGM"]
[BlackTitle "WIM"]
[WhiteElo "2346"]
[BlackElo "2188"]

1. c4 e5 2. g3 Nf6 3. Bg2 d5 4. cxd5 Nxd5 5. Nc3 Nb6 6. e3 g6 7. Nge2 Bg7 8. O-O
O-O 9. d4 exd4 10. Nxd4 c6 11. Qe2 Re8 12. Rd1 Qc7 13. b3 N8d7 14. Ba3 Bf8 15.
Bb2 Nc5 16. Rac1 a5 17. a3 Qe7 18. a4 Nbd7 19. h3 Bg7 20. Ba3 Qe5 21. Qc2 Bf8
22. Bb2 Bg7 23. Re1 Na6 24. Ne4 Nb4 25. Qe2 Qe7 26. Ba3 Nb6 27. Qd2 N6d5 28. Nc5
Qg5 29. Kh2 h5 30. h4 Qf6 31. Ne4 Qe7 32. Ng5 Nf6 33. f3 Nd7 34. Rcd1 Bh6 35.
Nc2 c5 36. Nxb4 cxb4 37. Bb2 f6 38. Qd5+ Kg7 39. f4 Ra6 40. Bf1 Rc6 41. Bb5 Rc2+
42. Rd2 Nb6 43. Qd4 Rxd2+ 44. Qxd2 Rd8 45. Bd4 Nd5 46. Qc2 Nc3 47. Bxc3 bxc3 48.
Qxc3 Kf8 49. Nf3 Bg7 50. Qxa5 Be6 51. Qc3 Bd5 52. Nd4 Qe4 53. Qd2 Qe7 54. Rd1
Kg8 55. Nf5 gxf5 56. Bc4 Kh7 57. Bxd5 Bf8 58. Qd3 1-0

[Event "Druzynowe  Mistrzostwa Polski w Szachach - I liga"]
[Site "Poronin-Limba"]
[Date "1899-12-30"]
[Round "3.25"]
[White "Lubczynski, Rafal"]
[Black "Butkiewicz, Lukasz"]
[Result "1/2-1/2"]
[WhiteTitle "IM"]
[BlackTitle "IM"]
[WhiteElo "2418"]
[BlackElo "2462"]

1. d4 Nf6 2. c4 e6 3. Nf3 d5 4. Bg5 c6 5. Nc3 Nbd7 6. e3 Qa5 7. Nd2 dxc4 8. Bxf6
Nxf6 9. Nxc4 Qd8 10. Be2 Be7 11. O-O O-O 12. Bf3 Nd5 13. Rc1 Nxc3 14. Rxc3 Bf6
15. b4 Qe7 16. Qb3 e5 17. dxe5 Bxe5 18. Nxe5 Qxe5 19. Rc5 Qe7 20. Rfc1 Be6 21.
Qb1 Rad8 22. a4 Rd2 23. Qe4 Ra2 24. a5 Rd8 25. h3 g6 26. Qf4 a6 27. R5c2 Ra3 28.
h4 Rad3 29. Rc5 f6 30. g4 Rd2 31. Kg2 Kg7 32. R1c2 Rxc2 33. Rxc2 Qd6 34. Qxd6
Rxd6 35. Be2 h6 36. f3 Kf8 37. Kf2 Ke7 38. Rb2 Rd8 1/2-1/2